000 02046cam a22004934i 4500
003 PE-LiUPU
005 20250731165425.0
008 160201s1999 pe grm 000 0 spa d
035 _a(Sirsi) a155853
040 _aPE-LiUPU
_bspa
_cPE-LiUPU
_erda
082 0 4 _a260
_bR68 T4
099 _aTT 4
_bR68 1999
100 1 _aRiveros Echeverry, Mario
_eautor
245 1 _aNaturaleza y características del ministerio de la Iglesia en beneficio de su feligresía y de la sociedad /
_cMario Riveros Echeverry.
264 0 _c1999.
300 _a310 hojas
_c30 cm
336 _atext
_2rdacontent
337 _aunmediated
_2rdamedia
338 _avolume
_2rdacarrier
502 _aTesis
_b(Dr.) --
_cUniversidad Peruana Unión,
_d1999.
504 _aIncluye referencias
520 3 _aComo resultado de la investigacion realizada, se ha llegado a la conclusion de que la correcta comprension de la naturaleza del hombre y del designio divino para su existencia es indispensable para una clara comprension de la naturaleza de la mision y el ministerio de la Iglesia. Desde el punto de vista de la enseñanza de la Biblia en cuanto a la naturaleza del hombre, llegamos a la conclusion de que la iglesia, en su ministerio debe evitar todo tipo de extremismos; ya sea el del dualismo idealista o espiritualista, el del materialismo inmanentista y panteista, o el del humanismo.
526 _aSEG44
526 _aSEG26
526 _aP151
526 _aP150
526 _aP149
526 _aP146
526 _aP145
526 _aP126
526 _aP125
526 _aP92
526 _aP75
526 _aP74
526 _aP27
526 _aP15
650 0 4 _aTeología social
_xEnseñanza bíblica.
650 0 4 _aHombre (Teología).
650 0 4 _aAntropología.
650 0 4 _aMinisterio eclesial
_xEnseñanza bíblica.
596 _a1
942 _2ddc
_cTESIS
999 _aTT 4 R68 1999
_wALPHANUM
_c8530
_iT00434
_lCCODEBUL3
_mBUL
_r1
_sY
_tTESIS
_u2016-2-1
_xPOSGRADO
_PP94
_o.STAFF. Tesis
_d8530
980 _81
_gALBERTO SANCHEZ Responsable de Automatización